Planning Act 2008 (Record no. 110419)
[ view plain ]
| 000 -LEADER | |
|---|---|
| fixed length control field | 01529cad a22002295a 4500 |
| 001 - CONTROL NUMBER | |
| control field | L149214 |
| 008 - FIXED-LENGTH DATA ELEMENTS--GENERAL INFORMATION | |
| fixed length control field | 100204s20100201xxk f 000 0 eng d |
| 020 ## - INTERNATIONAL STANDARD BOOK NUMBER | |
| International Standard Book Number | 9781409821724 |
| 035 ## - SYSTEM CONTROL NUMBER | |
| System control number | (Sirsi) u149214 |
| 041 0# - LANGUAGE CODE | |
| Language code of text/sound track or separate title | eng |
| 110 2# - MAIN ENTRY--CORPORATE NAME | |
| Corporate name or jurisdiction name as entry element | United Kingdom |
| Subordinate unit | Department for Communities and Local Government |
| 9 (RLIN) | 4939 |
| 245 00 - TITLE STATEMENT | |
| Title | Planning Act 2008 |
| Remainder of title | guidance related to procedures for compulsory acquisition |
| Medium | [electronic resource] |
| 260 ## - PUBLICATION, DISTRIBUTION, ETC. | |
| Place of publication, distribution, etc. | London |
| Name of publisher, distributor, etc. | DCLG |
| Date of publication, distribution, etc. | 2010 |
| 505 2# - FORMATTED CONTENTS NOTE | |
| Formatted contents note | Terms used -- Introduction -- Roles -- Justification for seeking an order -- Authorising compulsory acquisition -- Preparing the application -- Examination process - Implementation - Annexe 1 special land -- Annexe 2 Preparing the statement of reason -- Annexe 3 Plan which must accompany an applicaiton authorising compulsory acquisition |
| 520 ## - SUMMARY, ETC. | |
| Summary, etc. | Guidance relating to applications for orders granting development consent which include provision authorising the compulsory acquisition of land. Ensures best practice and that all applications are dealt with in a fair and impartial manner by agencies such as the Infrastructure Planning Commission (IPC). |
| 590 ## - LOCAL NOTE (RLIN) | |
| Local note | KA NTK |
| 650 24 - SUBJECT ADDED ENTRY--TOPICAL TERM | |
| Topical term or geographic name entry element | PLANNING ACT 2008 |
| 651 #4 - SUBJECT ADDED ENTRY--GEOGRAPHIC NAME | |
| Geographic name | ENGLAND AND WALES |
| 690 ## - LOCAL SUBJECT ADDED ENTRY--TOPICAL TERM (OCLC, RLIN) | |
| Topical term or geographic name as entry element | ENVIRONMENTAL AND LAND CONSULTANCY-PLANNING AND DEVELOPMENT-COMPULSORY PURCHASE AND COMPENSATION |
| 856 48 - ELECTRONIC LOCATION AND ACCESS | |
| Uniform Resource Identifier | <a href="https://www.communities.gov.uk/publications/planningandbuilding/guidancecompulsoryacquisition">https://www.communities.gov.uk/publications/planningandbuilding/guidancecompulsoryacquisition</a> |
| Public note | View this online document free of charge at www.communities.gov.uk... |
| 942 ## - ADDED ENTRY ELEMENTS (KOHA) | |
| Suppress in OPAC | 0 |
| Withdrawn status | Lost status | Source of classification or shelving scheme | Damaged status | Not for loan | Home library | Current library | Shelving location | Date acquired | Total Checkouts | Full call number | Barcode | Date last seen | Copy number | Price effective from | Koha item type |
|---|---|---|---|---|---|---|---|---|---|---|---|---|---|---|---|
| Dewey Decimal Classification | Virtual | Virtual | Online | 04/02/2010 | ONLINE PUBLICATION | 149214-2001 | 06/08/2019 | 1 | 06/08/2019 | Book |